Online
Catalog

Álvaro cunqueiro : (Record no. 37223)

MARC details
000 -CABECERA
campo de control de longitud fija 00500nam a2200157 a 4500
001 - NÚMERO DE CONTROL
campo de control 000037733
005 - FECHA Y HORA DE LA ÚLTIMA TRANSACCIÓN
campo de control 20201002031116.0
008 - DATOS DE LONGITUD FIJA--INFORMACIÓN GENERAL
campo de control de longitud fija 130304s1991 sp a 000 0 spa d
020 ## - NÚMERO INTERNACIONAL ESTÁNDAR DEL LIBRO
Número Internacional Estándar del Libro 8445302663
040 ## - FUENTE DE LA CATALOGACIÓN
Centro catalogador/agencia de origen DO-SdBNP
Lengua de catalogación spa
Centro/agencia transcriptor BNPHU
100 1# - ENTRADA PRINCIPAL--NOMBRE DE PERSONA
Nombre de persona Fraga Iribarne, Manuel
9 (RLIN) 62964
245 10 - MENCIÓN DE TÍTULO
Título Álvaro cunqueiro :
Resto del título dos discursos /
Mención de responsabilidad, etc. Manuel Fraga Iribarne.
260 ## - PUBLICACIÓN, DISTRIBUCIÓN, ETC.
Lugar de publicación, distribución, etc. Santiago de Compostela, España :
Nombre del editor, distribuidor, etc. Xunta de Galicia ,
Fecha de publicación, distribución, etc. 1991.
300 ## - DESCRIPCIÓN FÍSICA
Extensión 58 p. :
Otras características físicas il. ;
Dimensiones 25 cm.
590 ## - NOTA LOCAL (RLIN)
Nota local Inventariado, 2019/VM
Holdings
Estado de retiro Estado de pérdida Restricciones de uso No para préstamo Código de colección Localización permanente Ubicación/localización actual Ubicación en estantería Fecha de adquisición Número de inventario Total de préstamos Signatura topográfica completa Código de barras Fecha visto por última vez Precio válido a partir de Tipo de ítem Koha
      Excluido de préstamo Monografías: Libros y Folletos General General Depósito 04.03.2013 LF1   37733-10 25.06.2020 25.06.2020 No se presta

Powered by Koha